003720000a2200073000450024500450000030000500004552001540009577300490024910aTodas las instituciones, un solo espacio aVol.0, núm.4 (marzo-mayo, 2005), Página 4 aLos Centros Comunitarios de Educación Superior, un proyecto posible gracias a la virtualidad. 44 están creados, 45 más crearán durante 2005.0 tEducación superior : Boletín informativo